| 000 | 00443nam a2200157Ia 4500 | ||
|---|---|---|---|
| 001 | 2446 | ||
| 008 | 220816s ii a g b000 u 465 u | ||
| 082 | _a297.15 | ||
| 100 | _aAli, Abdullah yusuf . | ||
| 245 | 0 |
_aHoly Qur - An / _cAbdullah yusuf Ali. _hTextual Documents |
|
| 260 |
_aLahore : _bShaikh Muhammad , _c1964. |
||
| 300 |
_a1040p. : _bill ; _c24cm. . |
||
| 500 | _aYear is N.A. | ||
| 653 | _aReligious book - Qur - An | ||
| 942 |
_2ddc _cBK |
||
| 999 |
_c2439 _d2439 |
||